Score 0/16 Timer 07:00
6 Plays Today
% Correct
Or Jews for Jesus on Hanukkah.
94%
But I spell it R-U-T-H.
93.2%
It's like a huge miniature golf course!
92.8%
Only if they commit adultery.
92%
All this talk about cake is making me hungry!
92%
That may be so, but you're gonna have to drink that glass, mister!
91.6%
Random strangers, shedding skin cells all over the house...
90.4%
It's like the time you took away the credit card from me when I was ordering all those porcelain babies...
90.2%
% Correct
That should be our next Christmas card.
90.1%
And I rent space to a raccoon sanctuary!
89.6%
I regret nothing!
87.3%
I hope our new dad is blonde.
86.4%
'Also, if boys had uteruses they'd be called duderuses'.
84.3%
Then I WON'T bring your credit card... which I cut into a ninja star!
83.3%
Werner Herzog?
81.7%
This isn't the Bible!
77.7%
Remove Ads.
Support Sporcle.
Get the best of Sporcle when you Go Orange. This ad-free experience offers more features, more stats, and more fun while also helping to support Sporcle. Thank you for becoming a member.

You're not logged in!

Compare scores with friends on all Sporcle quizzes.
OR
Log In

Show Comments

Extras

Top Quizzes Today


Score Distribution

Your Account Isn't Verified!

In order to create a playlist on Sporcle, you need to verify the email address you used during registration. Go to your Sporcle Settings to finish the process.

Report this User

Report this user for behavior that violates our Community Guidelines.

Details: